<?xml version="1.0" encoding="UTF-8"?>
<collection xmlns="http://www.loc.gov/MARC21/slim">
  <record>
    <leader>00000nam  2200000   4500</leader>
    <controlfield tag="001">INLIS000000000018998</controlfield>
    <controlfield tag="005">20250122030515</controlfield>
    <datafield tag="035" ind1="#" ind2="#">
      <subfield code="a">0010-0125000142</subfield>
    </datafield>
    <controlfield tag="007">ta</controlfield>
    <controlfield tag="008">250122################g##########0#ind##</controlfield>
    <datafield tag="020" ind1="#" ind2="#">
      <subfield code="a">978-602-06-1179-2</subfield>
    </datafield>
    <datafield tag="082" ind1="#" ind2="#">
      <subfield code="a">658.3</subfield>
    </datafield>
    <datafield tag="084" ind1="#" ind2="#">
      <subfield code="a">658.3 JAS a</subfield>
    </datafield>
    <datafield tag="100" ind1=" " ind2="#">
      <subfield code="a">Jasman J. Maruf</subfield>
    </datafield>
    <datafield tag="245" ind1="1" ind2="#">
      <subfield code="a">Asessment Center: Pedoman Uji Kompetensi Jabatan Pimpinan Tinggi /</subfield>
      <subfield code="c">Jasman J. Maruf</subfield>
    </datafield>
    <datafield tag="260" ind1="#" ind2="#">
      <subfield code="a">Jakarta :</subfield>
      <subfield code="b">Gramedia,</subfield>
      <subfield code="c">2019</subfield>
    </datafield>
    <datafield tag="300" ind1="#" ind2="#">
      <subfield code="a">xxiii, 380 hlm. ;</subfield>
      <subfield code="c">7.7 MB</subfield>
    </datafield>
    <datafield tag="650" ind1="#" ind2="4">
      <subfield code="a">Asessment Center</subfield>
    </datafield>
    <datafield tag="520" ind1="#" ind2="#">
      <subfield code="a">Praktik jual beli jabatan dalam manajemen Aparatur Sipil Negara (ASN) berdampak buruk pada kualitas ASN di Indonesia. Tak mengherankan kalau indeks ASN Indonesia saat ini berada pada angka 46, jauh di bawah Malaysia dan Singapura, bahkan masih di bawah Filipina dan Vietnam. Untuk meningkatkan kualitas ASN, tentu kita perlu membenahi sistem seleksi.&#13;
&#13;
Buku ini ditulis berdasarkan UU No. 5 tahun 2014 tentang Aparatur Sipil Negara (ASN) dan PP No. 11 tahun 2017 tentang Manajemen Pegawai Negeri Sipil (PNS) yang secara mendetail mengatur proses seleksi Jabatan Pimpinan Tinggi (JPT), baik mengenai persyaratan, kualifikasi, kompetensi yang diperlukan, maupun mekanisme rekrutmennya. Buku ini mengaplikasikan undang-undang dan peraturan pemerintah tersebut dalam bentuk langkah-langkah konkret agar implementasi rekrutmen dan seleksi terbuka JPT lebih mudah dan memenuhi standar minimum proses seleksi.&#13;
&#13;
Assessment Center merupakan pendekatan untuk mengevaluasi kandidat secara komprehensif dengan menggunakan teknik standar dalam kondisi terkendali. Pendekatan ini menawarkan proses uji kompetensi dengan menggunakan simulasi dan metode yang lebih faktual. Dalam proses seleksi Assessment Center, kandidat mendapat kesempatan untuk menunjukkan kompetensinya dalam beberapa situasi yang berbeda.</subfield>
    </datafield>
    <datafield tag="856" ind1="#" ind2="#">
      <subfield code="a">https://web-ipustakalan.moco.co.id/book/27faeab3-09d8-4953-ab97-ec2ec831fbf5</subfield>
    </datafield>
    <datafield tag="990" ind1="#" ind2="#">
      <subfield code="a">2024/4/A/0049</subfield>
    </datafield>
    <datafield tag="990" ind1="#" ind2="#">
      <subfield code="a">2024/4/A/0050</subfield>
    </datafield>
  </record>
</collection>
